000
00252nam a2200097Ia 4500
008
190216s9999||||xx |||||||||||||| ||und||
100
_a
Nelkon M&Amp;Parkar P
245
0
_a
Advanced Level Physics
260
_b
Heinemann Educational Books Ltd
942
_c
BK
999
_c
32664
_d
32664